000 00649nam a2200181 a 4500
001 000028766
005 20200930055126.0
008 110412s1988 dr 000 0 spa d
040 _aDO-SdBNP
_bspa
_cBNPHU
082 _axxx
_bC3978t
110 2 _aCentro Nacional de Investigaciones en Salud Materno Infantil
_955757
245 1 0 _aTuberculosis en niños.
260 _aSanto Domingo :
_bCENISMI,
_c1988.
300 _a7 p. ;
_c27 cm.
490 1 _aReuniones técnicas ;
_vv. 5
500 _aCoordinada por el Servicio de Alergia e Inmunología del Hospital de Niños Robert Reid Cabral, Santo Domingo
830 0 _aReuniones técnicas ;
_vv. 5
_955759
999 _c28258
_d28258